000 03101nam a22002777a 4500
008 251028b |||||||| |||| 00| 0 eng d
020 _a9782330191122
040 _ctbs
041 _hswe
100 _aLäckberg, Camilla
_d1974-
_926342
_eauthor
240 _aGökungen.
_lFrench
245 _aLe nid du coucou
_c/ Camilla Läckberg ; translated by Susanne Juul, Andreas Saint-Bonnet.
260 _aArles :
_bActes Sud,
_c2024.
300 _a418 pages ;
_c24 cm.
520 _aSur sa petite île privée au large de Fjällbacka, le couple Bauer fête ses noces d'or, entouré de ses proches. Henning Bauer est l'un des plus célèbres écrivains suédois et l'académie Nobel est sur le point de consacrer son immense talent. Mais deux événements terribles viennent contrecarrer cette reconnaissance, qui peut-être ne serait pas si méritée. Un ami photographe qui prépare une rétrospective devant se clôturer par une œuvre intitulée Culpabilité est retrouvé assassiné. Le lendemain, le fils Bauer et ses deux garçons sont tués dans leur sommeil. Tandis que l'enquête de Patrik Hedström et ses collègues piétine, Erica Falck se plonge dans un cold case qui l'intrigue: la mort d'un transgenre à Stockholm dans les années 1980. Elle comprend peu à peu que le passé étend ses tentacules jusque dans le présent, et que de vieux péchés laissent de longues ombres derrière eux. Promesse tenue pour ce retour aux sources tant attendu de Camilla Läckberg--la magie opère toujours, la reine incontestée du polar scandinave est au sommet de son art.
520 _aOn their small private island off the coast of Fjällbacka, the Bauer couple is celebrating their golden wedding anniversary surrounded by loved ones. Henning Bauer is one of Sweden’s most famous authors, and the Nobel Academy is about to honor his immense talent. But two terrible events suddenly jeopardize this long-awaited recognition—one that perhaps isn’t as deserved as it seems. A photographer friend, preparing a retrospective set to conclude with a work titled Guilt, is found murdered. The next day, the Bauer son and his two boys are killed in their sleep. While Patrik Hedström and his colleagues struggle to make progress in the investigation, Erica Falck immerses herself in an intriguing cold case: the death of a transgender person in Stockholm in the 1980s. Little by little, she realizes that the past is reaching into the present, and that old sins cast long shadows. A triumphant return to her roots—Camilla Läckberg’s magic is as powerful as ever, and the undisputed queen of Nordic crime fiction is at the top of her game.
650 0 _aCold cases (Criminal investigation)
_vFiction
_926343
650 0 _aHomosexuality
_vFiction
_926344
650 0 _aMurder
_xInvestigation
_vFiction
_97769
650 0 _aPhotographers
_xCrimes against
_vFiction
_926345
650 0 _aSecrecy
_vFiction
_925722
650 0 _aMale-to-female transsexuals
_xCrimes against
_vFiction
_926346
651 0 _aStockholm (Sweden)
_vFiction
_926347
655 0 _aThrillers (Fiction)
_922669
942 _2lcc
999 _c5113
_d5113